| 000 | 00588nam a22001457a 4500 | ||
|---|---|---|---|
| 020 | _a9879120450 | ||
| 080 | _a343.13 G 161 | ||
| 100 | _aHendler, Edmundo S. (comp.) | ||
| 245 |
_aLas Garantias Penales y Procesales _benfoque historico-comparado |
||
| 260 |
_aBuenos Aires _bEdiciones del Puerto _c2004 |
||
| 300 | _a376 p. | ||
| 650 |
_xgarantias penales _xgarantias procesales _xjuicio publico _xautoincriminacion _xderecho penitenciario _xdoble instancia _xprincipio acusatorio _xprincipio de reserva _xgarantia de legalidad _xgarantia deimparcialidad |
||
| 945 |
_asa _d2014-11-20 |
||
| 999 |
_c2745 _d233249 |
||
| 942 | _6_ | ||